Marine Low Speed Diesel Engines (Vol.2 Part 17) / (Record no. 32129)

000 -LEADER
fixed length control field 00683 a2200217 4500
003 - CONTROL NUMBER IDENTIFIER
control field OSt
005 - DATE AND TIME OF LATEST TRANSACTION
control field 20260218144024.0
008 - FIXED-LENGTH DATA ELEMENTS--GENERAL INFORMATION
fixed length control field 260218b ||||| |||| 00| 0 eng d
020 ## - INTERNATIONAL STANDARD BOOK NUMBER
International Standard Book Number 978-1-85609-879-3
040 ## - CATALOGING SOURCE
Transcribing agency .
082 ## - DEWEY DECIMAL CLASSIFICATION NUMBER
Classification number 623.87236
Item number G8551
100 ## - MAIN ENTRY--PERSONAL NAME
9 (RLIN) 1473
Personal name Griffiths, Denis
245 ## - TITLE STATEMENT
Title Marine Low Speed Diesel Engines (Vol.2 Part 17) /
Statement of responsibility, etc. Denis Griffiths
250 ## - EDITION STATEMENT
Edition statement Rev ed.
260 ## - PUBLICATION, DISTRIBUTION, ETC.
Name of publisher, distributor, etc. Witherby Publishing Group Ltd,
Place of publication, distribution, etc. UK :
Date of publication, distribution, etc. 2020.
300 ## - PHYSICAL DESCRIPTION
Extent 2 v. (x, 228 p.)
440 ## - SERIES STATEMENT/ADDED ENTRY--TITLE
9 (RLIN) 6627
Title Marine Engineering Practice Series
650 #0 - SUBJECT ADDED ENTRY--TOPICAL TERM
9 (RLIN) 1219
Topical term or geographic name entry element Marine Diesel Engines
710 ## - ADDED ENTRY--CORPORATE NAME
9 (RLIN) 6628
Corporate name or jurisdiction name as entry element The Institute of Marine Engineering Science and Technology
942 ## - ADDED ENTRY ELEMENTS (KOHA)
Source of classification or shelving scheme
Koha item type Books
Holdings
Withdrawn status Lost status Source of classification or shelving scheme Damaged status Not for loan Collection code Permanent Location Current Location Shelving location Date acquired Source of acquisition Cost, normal purchase price Full call number Barcode Date last seen Cost, replacement price Price effective from Koha item type Total Checkouts Date last checked out Date due
          Non-fiction IMU Kolkata IMU Kolkata Reference 2026-03-10 30 2482.20 623.87236 G8551 14816 2026-03-10 3102.75 2026-03-10 Books      
          Non-fiction IMU Kolkata IMU Kolkata   2026-03-10 30 2482.20 623.87236 G8551 14817 2026-04-08 3102.75 2026-03-10 Books 1 2026-03-16  
          Non-fiction IMU Kolkata IMU Kolkata   2026-03-10 30 2482.20 623.87236 G8551 14818 2026-03-10 3102.75 2026-03-10 Books      
          Non-fiction IMU Kolkata IMU Kolkata   2026-03-10 30 2482.20 623.87236 G8551 14819 2026-05-04 3102.75 2026-03-10 Books 1 2026-05-04 2026-05-19
Designed and Maintained by IMU-KC Library, Kolkata Campus © Copyright All Rights Reserved

webs counters

Powered by Koha